| 000 | 00696nam a22002297a 4500 | ||
|---|---|---|---|
| 003 | OSt | ||
| 005 | 20260225121743.0 | ||
| 008 | 260210b |||||||| |||| 00| 0 eng d | ||
| 020 | _a9780133061635 | ||
| 040 | _cChuka University Library | ||
| 050 |
_aHB 172.5 _b .B53 2013 |
||
| 100 |
_aBlanchard, Olivier., & Johnson, David R. _923096 |
||
| 245 | _aMacroeconomics | ||
| 250 | _a6th ed. | ||
| 260 |
_aUpper Saddle River _bPearson Education _c2013 |
||
| 300 |
_aVarious pagings _bColored illustrations |
||
| 650 |
_a Macroeconomics _923097 |
||
| 650 |
_aEconomic growth _913519 |
||
| 650 |
_aInternational trade and finance. _923388 |
||
| 650 |
_a National income _923389 |
||
| 942 |
_2lcc _cBK _n0 |
||
| 999 |
_c21439 _d21439 |
||